Como una nube, tus rebeliones / (Registro nro. 30721)
[ vista simple ]
| 000 -LEADER | |
|---|---|
| fixed length control field | 01315nam a22002537a 4500 |
| 003 - CONTROL NUMBER IDENTIFIER | |
| control field | OSt |
| 005 - DATE AND TIME OF LATEST TRANSACTION | |
| control field | 20250415120600.0 |
| 008 - FIXED-LENGTH DATA ELEMENTS--GENERAL INFORMATION | |
| fixed length control field | 240401s2023 |||||||er|||| 00| fdspa d |
| 020 ## - INTERNATIONAL STANDARD BOOK NUMBER | |
| International Standard Book Number | 9786287611375 |
| 037 ## - SOURCE OF ACQUISITION | |
| Materials specified | Donación |
| 040 ## - CATALOGING SOURCE | |
| Original cataloging agency | CO-JMCR |
| Language of cataloging | spa |
| Transcribing agency | CO-JMCR |
| Modifying agency | CO-JMCR |
| Description conventions | rda |
| 041 0# - LANGUAGE CODE | |
| Language code of text/sound track or separate title | spa |
| 082 04 - DEWEY DECIMAL CLASSIFICATION NUMBER | |
| Classification number | A-N |
| Item number | ESTc1 |
| 100 1# - MAIN ENTRY--PERSONAL NAME | |
| Relator term | autor |
| Personal name | Estupiñán, Hernán, |
| 9 (RLIN) | 43609 |
| 245 1# - TITLE STATEMENT | |
| Title | Como una nube, tus rebeliones / |
| Statement of responsibility, etc. | Hernán Estupiñán |
| 260 ## - PUBLICATION, DISTRIBUTION, ETC. | |
| Place of publication, distribution, etc. | Bogotá : |
| Name of publisher, distributor, etc. | Planeta , |
| Date of publication, distribution, etc. | 2023 |
| 300 ## - PHYSICAL DESCRIPTION | |
| Extent | 169 páginas ; |
| Dimensions | 23 cm |
| 520 ## - SUMMARY, ETC. | |
| Summary, etc. | Autobiografía, testimonio, reminiscencia y retrato hablado, son varios los recursos que confluyen en la voz de un atento narrador que revisa sus orígenes en un pueblo de Boyacá, donde se enfrenta al rigor de la escuela y vive de cerca las aventuras de sus hermanos mayores. Las travesuras de infancia, el primer amor y los afanes de la juventud, el sentimiento de rebelión y el hallazgo de una vocación en Bogotá, marcarán la vida de un clan que condensa los deseos y aspiraciones de una nación. |
| 650 ## - SUBJECT ADDED ENTRY--TOPICAL TERM | |
| Source of heading or term | JMCR |
| Topical term or geographic name entry element | Literatura Colombiana |
| Chronological subdivision | Siglo XIX |
| Geographic subdivision | Boyacá (Colombia) |
| 9 (RLIN) | 43610 |
| 650 ## - SUBJECT ADDED ENTRY--TOPICAL TERM | |
| Source of heading or term | JMCR |
| Topical term or geographic name entry element | Novela Colombiana |
| Chronological subdivision | Siglo XIX |
| Geographic subdivision | Boyacá (Colombia) |
| 9 (RLIN) | 43611 |
| 650 ## - SUBJECT ADDED ENTRY--TOPICAL TERM | |
| Source of heading or term | JMCR |
| Topical term or geographic name entry element | Autobiografía |
| Geographic subdivision | Colombia |
| 9 (RLIN) | 43680 |
| 651 ## - SUBJECT ADDED ENTRY--GEOGRAPHIC NAME | |
| Geographic name | Boyacá (Colombia) |
| 9 (RLIN) | 43612 |
| 942 ## - ADDED ENTRY ELEMENTS (KOHA) | |
| Source of classification or shelving scheme | Dewey Decimal Classification |
| Koha item type | Books |
| Withdrawn status | Lost status | Source of classification or shelving scheme | Damaged status | Not for loan | Home library | Current library | Shelving location | Date acquired | Source of acquisition | Total Checkouts | Full call number | Barcode | Date last seen | Copy number | Price effective from | Koha item type |
|---|---|---|---|---|---|---|---|---|---|---|---|---|---|---|---|---|
| Dewey Decimal Classification | Biblioteca Pública José María del Castillo y Rada | Biblioteca Pública José María del Castillo y Rada | Fiction | 01/15/2024 | Donación | A-N ESTc1 | 201812254 | 04/01/2024 | Ej.1 | 04/01/2024 | Books |